Taylor Swift - Top 100 des chansons les plus streamées - Statistiques

Statistiques générales
  • Ce quiz a été pris 958 fois
  • Le résultat moyen est 58 sur 100
Statistiques - réponses
Nombre de streams Réponse % Correct
5 1,305,019,262 Shake It Off
94%
1 1,694,397,305 Blank Space
91%
2 1,651,627,210 Cruel Summer
90%
6 1,194,760,101 Lover
90%
74 270,137,327 Lover (Remix) [feat. Shawn Mendes]
90%
15 835,297,776 Love Story
89%
26 632,465,725 Love Story (Taylor’s Version)
89%
29 604,619,386 You Belong With Me
87%
35 544,899,453 You Belong With Me (Taylor’s Version)
87%
8 1,114,516,363 cardigan
86%
7 1,114,526,652 Style
86%
88 240,493,174 All Too Well
83%
20 747,790,375 All Too Well (10 Minute Version) (Taylor's Version) (From The Vault)
83%
95 231,136,380 All Too Well (Taylor's Version)
83%
4 1,362,087,340 Anti-Hero
83%
92 238,166,383 Fearless (Taylor’s Version)
81%
9 1,054,960,763 Look What You Made Me Do
81%
46 370,978,378 22
79%
94 232,504,190 22 (Taylor's Version)
79%
33 563,507,683 Bad Blood
79%
10 957,537,330 Don’t Blame Me
79%
19 749,976,338 Enchanted
79%
85 245,884,668 Red
79%
81 252,003,726 Red (Taylor's Version)
79%
11 934,948,444 august
77%
23 651,054,146 Karma
77%
24 638,199,983 We Are Never Ever Getting Back Together
76%
18 752,301,409 willow
76%
17 778,997,983 I Knew You Were Trouble.
75%
68 291,457,408 I Knew You Were Trouble (Taylor's Version)
75%
16 817,660,575 ME! (feat. Brendon Urie of Panic! At The Disco)
75%
71 276,870,271 We Are Never Ever Getting Back Together (Taylor's Version)
75%
27 631,611,236 ...Ready For It?
74%
12 905,693,141 Wildest Dreams
74%
28 626,869,662 Wildest Dreams (Taylor's Version)
74%
13 895,918,894 Delicate
73%
22 665,443,365 The Man
72%
14 854,597,565 You Need To Calm Down
72%
36 542,060,528 champagne problems
71%
64 304,421,913 Our Song
71%
25 636,595,246 Lavender Haze
70%
62 313,468,929 betty
66%
39 460,128,066 Bejeweled
65%
30 582,101,337 Getaway Car
63%
31 580,059,813 Midnight Rain
63%
52 341,844,653 The Archer
63%
37 511,209,471 the 1
62%
91 238,879,639 Welcome To New York
62%
21 684,387,679 exile (feat. Bon Iver)
61%
60 314,869,918 Out Of The Woods
61%
40 457,284,184 End Game
58%
41 414,951,801 my tears ricochet
58%
38 499,339,274 You're On Your Own, Kid
58%
3 1,554,770,252 I Don’t Wanna Live Forever
57%
69 282,324,827 Dress
56%
43 398,050,053 I Did Something Bad
56%
54 340,531,446 illicit affairs
55%
42 411,097,726 Maroon
55%
56 323,684,953 Daylight
54%
45 373,887,477 Back To December
53%
34 545,640,818 Gorgeous
53%
65 298,544,645 Mastermind
53%
59 315,546,432 Miss Americana & The Heartbreak Prince
53%
32 579,236,683 Paper Rings
53%
50 346,849,184 Vigilante Shit
53%
100 215,981,349 Mine
51%
77 263,549,792 tolerate it
50%
66 295,510,997 London Boy
47%
75 267,325,727 New Romantics
47%
44 396,038,852 Snow On The Beach (feat. Lana Del Rey)
47%
98 221,787,732 Mean
45%
47 368,694,389 mirrorball
44%
67 294,653,114 Cornelia Street
42%
49 362,140,326 Call It What You Want
41%
48 368,386,418 The Way I Loved You (Taylor’s Version)
41%
80 258,650,312 Is It Over Now? (Taylor's Version) (From The Vault)
40%
89 240,166,221 King Of My Heart
40%
72 276,174,518 seven
40%
57 323,292,673 the last great american dynasty
40%
53 340,535,314 Afterglow
39%
82 249,592,644 no body, no crime (feat. HAIM)
39%
51 342,416,830 this is me trying
37%
73 272,863,629 Question...?
34%
58 321,584,211 invisible string
33%
84 248,061,803 The Great War
33%
79 260,465,064 Death By A Thousand Cuts
30%
78 261,180,459 gold rush
29%
87 241,737,118 Labyrinth
29%
55 335,607,078 Mr. Perfectly Fine (Taylor’s Version) (From The Vault)
27%
70 280,904,881 right where you left me
26%
90 239,747,489 ‘tis the damn season
25%
97 224,729,955 Dancing With Our Hands Tied
24%
61 314,414,204 I Forgot That You Existed
24%
83 248,632,034 I Think He Knows
24%
93 236,258,945 Would've, Could've, Should've
24%
86 244,460,168 Sweet Nothing
23%
76 266,910,868 Everything Has Changed
19%
63 308,811,898 All Of The Girls You Loved Before
12%
96 227,068,513 Safe & Sound
12%
99 217,565,725 Highway Don't Care
3%
Aucun quiz correspondant
Distribution des résultats
% des personnes avec chaque résultat
Percentile par nombre de réponses
Votre historique - résultats
Vous n’avez pas pris ce quiz